| 000 | 00511nam a2200145Ia 4500 | ||
|---|---|---|---|
| 008 | 170221s9999 xx 000 0 und d | ||
| 100 | _aHussein Tarraf | ||
| 245 | _aImpact of risk taking on bank financial performance during 2008 financial crisis | ||
| 245 | _cHussein Tarraf, Oakland University; Karl Majeske, Oakland University. | ||
| 260 | _bJournal of Management and Marketing Research | ||
| 260 | _c2012 | ||
| 300 | _a6 : | ||
| 650 | _xBusiness | ||
| 856 | _uhttp://www.aabri.com/manuscripts/131544.pdf | ||
| 999 |
_c313369 _d313369 |
||